Statistiche per Vincitori di Sanremo

Clicka qui per fare il quiz!

Statistiche generali

  • Questo quiz è stato fatto 1.689 volte
    (1.552 dall'ultimo reset)
  • Il punteggio medio è 35 su 69

Statistiche sulle risposte

AnnoVincitoriCanzone% Corretto
2017Francesco GabbaniOccidentali's Karma
85%
1962Domenico Modugno e Claudio VillaAddio...addio...
84%
1966Domenico Modugno e Gigliola CinquettiDio come ti amo
84%
2019MahmoodSoldi
84%
1959Domenico Modugno e Johnny DorelliPiove (Ciao ciao bambina)
83%
1958Domenico Modugno e Johnny DorelliNel blu dipinto di blu
83%
1987Gianni Morandi, Umberto Tozzi ed Enrico RuggeriSi può dare di più
83%
2013Marco MengoniL'essenziale
82%
2001ElisaLuce (Tramonti a nord est)
79%
2018Ermal Meta e Fabrizio MoroNon mi avete fatto niente
79%
2015Il VoloGrande amore
79%
2014ArisaControvento
75%
1967Claudio Villa e Iva ZanicchiNon pensare a me
74%
2012EmmaNon è l'inferno
74%
1969Bobby Solo e Iva ZanicchiZingara
72%
1988Massimo RanieriPerdere l'amore
72%
1995GiorgiaCome saprei
69%
1974Iva ZanicchiCiao cara come stai?
68%
1990PoohUomini soli
67%
2005Francesco RengaAngelo
66%
1984Al Bano e Romina PowerCi sarà
65%
1986Eros RamazzottiAdesso tu
62%
1989Anna Oxa e Fausto LealiTi lascerò
61%
1970Adriano Celentano e Claudia MoriChi non lavora non fa l'amore
60%
1985Ricchi e PoveriSe m'innamoro
60%
2009Marco CartaLa forza mia
59%
2007Simone CristicchiTi regalerò una rosa
59%
1997JalisseFiumi di parole
58%
1999Anna OxaSenza pietà
57%
1951Nilla PizziGrazie dei fiori
57%
1952Nilla PizziVola colomba
57%
1993Enrico RuggeriMistero
56%
1964Gigliola Cinquetti e Patricia CarliNon ho l'età (Per amarti)
56%
2006PoviaVorrei avere il becco
55%
2011Roberto VecchioniChiamami ancora amore
55%
2016StadioUn giorno mi dirai
53%
2010Valerio ScanuPer tutte le volte che...
50%
1957Claudio Villa e Nunzio GalloCorde della mia chitarra
48%
1955Claudio Villa e Tullio PaneBuongiorno tristezza
48%
1996Ron e ToscaVorrei incontrarti tra cent'anni
47%
2004Marco MasiniL'uomo volante
43%
1991Riccardo CoccianteSe stiamo insieme
43%
1981AlicePer Elisa
41%
1971Nada e Nicola Di BariIl cuore è uno zingaro
41%
1980Toto CutugnoSolo noi
39%
1965Bobby Solo e The New Christy MinstrelsSe piangi se ridi
38%
1982Riccardo FogliStorie di tutti i giorni
38%
1992Luca BarbarossaPortami a ballare
37%
1978Matia Bazar...e dirsi ciao
37%
2002Matia BazarMessaggio d'amore
37%
1972Nicola Di BariI giorni dell'arcobaleno
35%
2008Giò Di Tonno e Lola PonceColpo di fulmine
30%
1994Alessandro BaldiPasserà
29%
1998Annalisa MinettiSenza te o con te
29%
1960Tony Dallara e Renato RascelRomantica
28%
2003AlexiaPer dire di no
27%
1973Peppino Di CapriUn grande amore e niente più
27%
1976Peppino Di CapriNon lo faccio più
27%
2000Avion TravelSentimento
26%
1977Homo SapiensBella da morire
26%
1983Tiziana RivaleSarà quel che sarà
25%
1968Sergio Endrigo e Roberto Carlos BragaCanzone per te
21%
1975GildaRagazza del sud
20%
1954Giorgio Consolini e Gino LatillaTutte le mamme
20%
1961Betty Curtis e Luciano TajoliAl di là
17%
1953Carla Boni e Flo Sandon'sViale d'autunno
17%
1963Tony Renis e Emilio PericoliUno per tutte
17%
1979Mino VergnaghiAmare
15%
1956Franca RaimondiAprite le finestre
14%

Distribuzione punteggi

Percentile per numero di risposta

Percentuale di utenti per punteggio

I tuoi punteggi nel tempo

Non hai fatto questo quiz dall'ultimo reset